[Event "Challenge"]
[Site "http://www.queenalice.com/game.php?id=1640828"]
[Date "2021.1.21"]
[Round "-"]
[White "ChrisBidlack"]
[Black "BMJFF33"]
[Result "1-0"]
[WhiteElo "1163"]
[BlackElo "1334"]

1. a4 e6 2. c3 Qf6 3. Nf3 b6 4. b4 Bb7 5. g3 a5 6. b5 c6 7. Na3 Bxa3 8. Bxa3
cxb5 9. axb5 Bxf3 10. exf3 d5 11. Bg2 Ne7 12. O-O O-O 13. Qe2 Nc8 14. Bxf8 Kxf8
15. f4 Na7 16. Rac1 Nd7 17. d4 Qe7 18. Rfe1 Rc8 19. f5 Re8 20. Qh5 h6 21. Bxd5
Nf6 22. Qf3 Nxd5 23. fxe6 Nf6 24. Re5 Qa3 25. Rce1 Nxb5 26. exf7 Re7 27. Qa8+
Kxf7 28. Rxe7+ Qxe7 29. Rxe7+ Kxe7 30. Qc6 Nd6 31. f3 Nd7 32. Qa8 Nb5 33. Qe4+
Kd8 34. Qh4+ Ke8 35. c4 Nc3 36. Qg4 a4 37. Kg2 a3 38. Qxg7 a2 39. Qh8+ Nf8 40.
Qe5+ Kf7 41. Qc7+ Kg8 42. Qa7 Nd7 43. Qa3 Ne2 44. Qxa2 Nxd4 45. c5+ Kg7 46. Qa7
Ne6 47. c6 1-0

[Event "Challenge"]
[Site "http://www.queenalice.com/game.php?id=1640830"]
[Date "2021.1.21"]
[Round "-"]
[White "shimella"]
[Black "BMJFF33"]
[Result "0-1"]
[WhiteElo "1208"]
[BlackElo "1339"]

1. e4 e5 2. Nc3 Bb4 3. a3 Bxc3 4. bxc3 Nf6 5. d3 O-O 6. a4 a5 7. Ba3 d6 8. d4
Nxe4 9. Qe2 Nxc3 10. Qf3 Nxa4 11. Bb5 Nb6 12. Nh3 exd4 13. O-O c6 14. Bc4 Nxc4
15. Bc1 Bxh3 16. gxh3 c5 17. Qxb7 Nb6 18. Re1 N8d7 19. Qe4 d5 20. Qh4 Qxh4 21.
Rf1 Ne5 22. Rb1 Rab8 23. f4 Nbd7 24. fxe5 Rxb1 25. e6 fxe6 26. c4 dxc3 27. Kg2
Rxf1 28. Kxf1 Rxc1+ 29. Kg2 Rc2+ 30. Kg1 Qe1# 0-1

[Event "Challenge"]
[Site "http://www.queenalice.com/game.php?id=1640831"]
[Date "2021.1.21"]
[Round "-"]
[White "franfig"]
[Black "BMJFF33"]
[Result "0-1"]
[WhiteElo "1230"]
[BlackElo "1327"]

1. e4 e5 2. Nf3 c5 3. Bd3 d6 4. O-O Bg4 5. Bb5+ Nc6 6. Qe2 Ne7 7. d3 Bxf3 8.
Qxf3 Qa5 9. Bd2 Qxb5 10. Nc3 Qxb2 11. Bc1 Qxa1 12. Qh3 Qxc3 13. d4 exd4 14. Bf4
Qxc2 15. Bxd6 c4 16. a4 Qxa4 17. Bxe7 Bxe7 0-1

[Event "Challenge"]
[Site "http://www.queenalice.com/game.php?id=1640833"]
[Date "2021.1.21"]
[Round "-"]
[White "luca77"]
[Black "BMJFF33"]
[Result "1-0"]
[WhiteElo "1233"]
[BlackElo "1271"]

1. e4 e5 2. Nf3 d6 3. Nc3 Bg4 4. d3 Bxf3 5. Qxf3 Nc6 6. Be2 Nd4 7. Qg3 Nxc2+ 8.
Kd1 Nxa1 9. f3 Nf6 10. Bg5 h6 11. Bxf6 gxf6 12. Kd2 Qd7 13. Rxa1 O-O-O 14. Qf2
f5 15. Nd5 c6 16. Nf6 Qe6 17. Nh5 f4 18. b4 Qg6 19. g4 fxg3 20. Nxg3 a6 21. a4
d5 22. exd5 Bxb4+ 23. Kd1 Rxd5 24. Rb1 Rd4 25. Rc1 Qg5 26. Rc2 Rhd8 27. Ne4 Qf5
28. Rb2 h5 29. Kc2 Ba3 30. Rb3 Be7 31. Qe1 Rxa4 32. Qb1 b5 33. h4 Bxh4 34. Qb2
1-0

[Event "Challenge"]
[Site "http://www.queenalice.com/game.php?id=1640834"]
[Date "2021.1.21"]
[Round "-"]
[White "zecafernandes"]
[Black "BMJFF33"]
[Result "0-1"]
[WhiteElo "1282"]
[BlackElo "1329"]

1. e4 d5 2. e5 e6 3. a3 Nc6 4. d4 Be7 5. h4 Bxh4 6. g3 Be7 7. Qg4 Bg5 8. Bxg5 f5
9. Qh4 Nge7 10. Nh3 h6 11. Qh5+ g6 12. Qh4 Kd7 13. Bf6 g5 14. Bxg5 hxg5 15. Qxg5
Nxd4 16. Be2 Nxc2+ 0-1

[Event "Challenge"]
[Site "http://www.queenalice.com/game.php?id=1640836"]
[Date "2021.1.21"]
[Round "-"]
[White "Buhrer"]
[Black "BMJFF33"]
[Result "1-0"]
[WhiteElo "1333"]
[BlackElo "1311"]

1. e4 d6 2. d4 h5 3. Nc3 g6 4. Nf3 Nc6 5. Bb5 a6 6. Bxc6+ bxc6 7. O-O d5 8. Ne5
Qd6 9. Qf3 Nf6 10. Bf4 dxe4 11. Nxe4 Qxd4 12. Nxf6+ exf6 13. Qxc6+ Bd7 14. Qxa8+
Ke7 15. Rfe1 fxe5 16. Bxe5 Qd2 17. Bc3+ 1-0

[Event "Challenge"]
[Site "http://www.queenalice.com/game.php?id=1642183"]
[Date "2021.2.1"]
[Round "-"]
[White "zatara123"]
[Black "BMJFF33"]
[Result "0-1"]
[WhiteElo "1298"]
[BlackElo "1327"]

1. e4 e5 2. Bc4 Nh6 3. Qf3 Qf6 4. Qd3 Bc5 5. Nh3 d6 6. Nc3 Bxh3 7. O-O Be6 8.
Bxe6 fxe6 9. Nb5 Na6 10. a3 Ng4 11. Qf3 Rf8 12. h3 Qxf3 13. gxf3 Nh6 14. Kg2 Ke7
15. d3 c6 16. Nc3 Rf6 17. Bg5 Rf8 18. Bxf6+ gxf6 19. b4 Bd4 20. Rab1 Bxc3 21.
Rb3 Bd4 22. c3 Rg8+ 23. Kh2 Bb6 24. c4 c5 25. b5 Nc7 26. a4 d5 27. exd5 exd5 28.
cxd5 Nxd5 29. Rbb1 Nc3 0-1

[Event "Challenge"]
[Site "http://www.queenalice.com/game.php?id=1642463"]
[Date "2021.2.3"]
[Round "-"]
[White "Francisco333"]
[Black "BMJFF33"]
[Result "1-0"]
[WhiteElo "982"]
[BlackElo "1300"]

1. e4 d5 2. e5 Nc6 3. Nf3 Bg4 4. Bb5 Bxf3 5. gxf3 a6 6. Bxc6+ bxc6 7. O-O c5 8.
Nc3 e6 9. a4 Qg5+ 10. Kh1 Qxe5 11. Re1 Qd4 12. Qe2 f5 13. d3 Qf6 14. Bf4 Bd6 15.
Bg3 Rb8 16. Reb1 h5 17. f4 h4 18. Kg1 hxg3 19. fxg3 Rxb2 20. Nd1 Rxb1 21. Rxb1
Rh6 22. Nc3 Qxc3 23. Rb8+ Kf7 24. Ra8 a5 25. Ra6 Nf6 26. Ra7 Qa1+ 27. Kg2 Qxa4
28. Rb7 Qa1 29. Rb8 a4 30. Rb5 a3 31. Rb3 Ng4 32. h3 a2 33. c3 Qc1 34. Qxa2 1-0

[Event "Challenge"]
[Site "http://www.queenalice.com/game.php?id=1642465"]
[Date "2021.2.3"]
[Round "-"]
[White "BB_chess"]
[Black "BMJFF33"]
[Result "1-0"]
[WhiteElo "1062"]
[BlackElo "1350"]

1. d4 d6 2. c4 Be6 3. b3 Nc6 4. e3 d5 5. Nd2 Na5 6. c5 Nc4 7. bxc4 dxc4 8. Nxc4
b5 9. Na5 a6 10. Nf3 Bg4 11. Be2 Bxf3 12. Bxf3 Rb8 13. O-O e6 14. Nc6 1-0

[Event "Challenge"]
[Site "http://www.queenalice.com/game.php?id=1642470"]
[Date "2021.2.3"]
[Round "-"]
[White "ChrisBidlack"]
[Black "BMJFF33"]
[Result "1-0"]
[WhiteElo "1176"]
[BlackElo "1343"]

1. e4 e5 2. Nf3 c5 3. Nxe5 Qe7 4. d4 d6 5. Bb5+ Kd8 6. Nf3 Bg4 7. e5 Bxf3 8.
Qxf3 a6 9. Bc4 Nc6 10. Be3 Nb4 11. Bb3 a5 12. Nc3 b5 13. Qxa8+ Kd7 14. Nd5 Qd8
15. Qb7+ Ke8 16. Nc7+ Kd7 17. Ne6+ 1-0

[Event "Challenge"]
[Site "http://www.queenalice.com/game.php?id=1642472"]
[Date "2021.2.3"]
[Round "-"]
[White "Carlos19"]
[Black "BMJFF33"]
[Result "1-0"]
[WhiteElo "1365"]
[BlackElo "1328"]

1. e4 e5 2. Nf3 d6 3. Bc4 Bg4 4. h3 Bxf3 5. Qxf3 Nh6 6. d3 Nc6 7. Bxh6 Qe7 8.
Be3 Nb4 9. Bb3 a5 10. a4 b5 11. O-O O-O-O 12. Qg4+ Kb8 13. axb5 Qd7 14. Rxa5 Qc8
15. Ba7+ Kb7 16. Qxc8+ Rxc8 17. Ra4 d5 18. Bxd5+ c6 19. bxc6+ Kc7 20. Rxb4 Bxb4
21. Bd4 exd4 22. g4 Ra8 23. f4 Ra2 24. Bxa2 Rf8 25. e5 Kxc6 26. c3 dxc3 27. bxc3
1-0

[Event "Challenge"]
[Site "http://www.queenalice.com/game.php?id=1642513"]
[Date "2021.2.4"]
[Round "-"]
[White "jbugg"]
[Black "BMJFF33"]
[Result "0-1"]
[WhiteElo "1335"]
[BlackElo "1320"]

1. e4 d5 2. e5 c6 3. Nf3 Bg4 4. d4 Bxf3 5. Qxf3 Qb6 6. c3 e6 7. b3 Nd7 8. Bd3
O-O-O 9. Bg5 f6 10. exf6 gxf6 11. Be3 h5 12. Qd1 Qc7 13. Qc2 Nh6 14. O-O Ng4 15.
Bc1 Qxh2# 0-1

[Event "Challenge"]
[Site "http://www.queenalice.com/game.php?id=1643110"]
[Date "2021.2.9"]
[Round "-"]
[White "rafassj4"]
[Black "BMJFF33"]
[Result "0-1"]
[WhiteElo "1193"]
[BlackElo "1316"]

1. e4 d5 2. Nc3 d4 3. Nd5 e5 4. Nf3 Bg4 5. c3 Bxf3 6. Qxf3 c6 7. Qg3 f6 8. f4
cxd5 9. exd5 Qxd5 10. b4 Na6 11. Ba3 O-O-O 12. b5 Nc7 13. c4 Qe4+ 14. Kd1 Bxa3
15. Qxg7 Ne7 16. Qxf6 Bb4 17. fxe5 Rhf8 18. Qg7 Ne6 19. Qh6 Ng8 20. Qxe6+ Kb8
21. Qh6 Nxh6 22. d3 Rxf1+ 23. Rxf1 Qxg2 24. Re1 Bxe1 25. Kxe1 Qg1+ 26. Kd2 Qxa1
27. Ke2 Qxa2+ 28. Kf3 Qxh2 29. Ke4 Qe2+ 30. Kf4 Qg4# 0-1

[Event "Challenge"]
[Site "http://www.queenalice.com/game.php?id=1643221"]
[Date "2021.2.10"]
[Round "-"]
[White "tche_elvio"]
[Black "BMJFF33"]
[Result "0-1"]
[WhiteElo "1413"]
[BlackElo "1322"]

1. d4 d5 2. c4 dxc4 3. Nc3 c6 4. g3 e6 5. Bg2 Bb4 6. Nf3 Bxc3+ 7. bxc3 a5 8. a4
Nd7 9. O-O Qe7 10. Ne5 Nb6 11. Ba3 Qf6 12. e4 Nxa4 13. Qxa4 Ne7 14. Ng4 Qg6 15.
Ne5 Qg5 16. h4 Qd2 17. Qxc4 b5 18. Qb3 a4 19. Qb2 Qxb2 20. Bxb2 f6 21. Nd3 h5
22. e5 f5 23. Nf4 Kf7 24. Bf3 g6 25. Ba3 Ra7 26. Bxe7 Rxe7 27. Bxc6 Ba6 28. Rfb1
Rb8 29. c4 b4 30. Bb5 Bxb5 31. cxb5 Rxb5 32. Rxa4 Reb7 33. Nd3 b3 34. Nc5 R7b6
35. Rxb3 Rxb3 36. Ra7+ Kg8 37. Nxb3 Rxb3 38. Rd7 Kf8 39. d5 Rb6 40. Rd6 Rxd6 41.
exd6 exd5 42. f4 Ke8 43. Kf2 Kd7 44. Ke3 Kxd6 45. Kd4 Kc6 46. Kd3 Kc5 47. Kc3
d4+ 48. Kd3 Kd5 49. Ke2 Ke4 0-1